01004nam a2200181 a 450000100100000000500170001000800410002704000250006824501550009326000750024830000350032371000930035871000180045195201110046995201200058095201050070099900170080500003993320250219170734.0130730s2012 dr ac 000 0 spa d aDO-SdBNPbspacBNPHU00aPlan de acción del programa de país 2012-2016 :bentre el gobierno de la República Dominicana y el Fondo de la Naciones Unidas para la Infancia. aSanto Domingo :bGobierno de la República DominicanabUNICEF,c2012. a40 p. :bil., retrs. ;c27 cm.1 aRepública Dominicana. bMinisterio de Economía, Planificación y Desarrollo 9661422 aUNICEF983236 0010718PDaPDbPDcCTd2013-07-30iLF1l0o p39933-10r2020-06-25te. 2w2020-06-25yLFPDZNo se presta 001052708DSaPDbPDcCTd2013-07-30iLF1l0o p39933-20r2020-06-25te. 3w2020-06-25yLFDSZPréstamo interno 0010718PDaPDbPDcCTd2013-07-30iLF1l0o p39933-30r2020-06-25w2020-06-25yLFPDZNo se presta c39423d39423